| 000 | 00357nam a22001577a 4500 | ||
|---|---|---|---|
| 003 | MACL | ||
| 005 | 20151206125934.0 | ||
| 008 | 151206b xxu||||| |||| 00| 0 eng d | ||
| 040 | _cMACL | ||
| 041 | _aEnglish | ||
| 082 | _a741.642 | ||
| 100 |
_aChaterji,Kaveri _919519 |
||
| 245 | _aFree Mountain | ||
| 650 |
_aChildren's Book _919520 |
||
| 942 |
_2ddc _cBK |
||
| 999 |
_c51430 _d51430 |
||